000 00660na a2200253 4500
001 13344
003 MIRAKIL
005 20181213154748.0
008 161024b tu 000 0
035 _a13344
040 _aMilas
_btur
_cTR-AnCHP
041 _atur
082 _a909.04943
_bŞ34z [t.y.]
090 _a909.04943 Ş34z [t.y.]
100 _aŞelic, H.
245 _aZaza gerçeği
_cH. Şelic
260 _aMünih
_bDicle - Fırat Yayınları
_c[t. y.]
300 _a40 s.
_c20 sm.
490 _aDicle - Fırat Yayınları
_v1
650 _aKürtler
_xTarih
650 _aZazalar
_xTarih
650 _aZazalar
_xEtnik kimlik
942 _2ddc
_cBKS
999 _c434
_d434